Normal view
MARC view
Entry Personal Name
001 - CONTROL NUMBER
- control field: 26142
003 - CONTROL NUMBER IDENTIFIER
- control field: ARRUPE
005 - DATE AND TIME OF LATEST TRANSACTION
- control field: 20160926110524.0
008 - FIXED-LENGTH DATA ELEMENTS
- fixed length control field: 160926|| aca||aabn | a|a d
040 ## - CATALOGING SOURCE
- Original cataloging agency: ARRUPE
- Transcribing agency: ARRUPE
100 ## - HEADING--PERSONAL NAME
- Personal name: Hay, Eloise Knapp.
670 ## - SOURCE DATA FOUND
- Source citation: Work cat.: (ARRUPE)0: Hay, Eloise Knapp., The political novels of Joseph Conrad :, 1981.